3rd International Conference on Recent Advances and Innovations in Science, Engineering, Technology and Management/ (Record no. 212774)

MARC details
000 -LEADER
fixed length control field 00842nam a2200229 4500
005 - DATE AND TIME OF LATEST TRANSACTION
control field 20250801111117.0
010 ## - LCCN (DPL NO)
LC control number ENG-146276
020 ## - INTERNATIONAL STANDARD BOOK NUMBER
International Standard Book Number 9789361637780
Terms of availability 450.00
035 ## - SYSTEM CONTROL NUMBER
System control number EN-129808
037 ## - SOURCE OF ACQUISITION
Source of stock number/acquisition DBAD
082 ## - DEWEY DECIMAL CLASSIFICATION NUMBER
Classification number 621.3
Edition number 1
100 ## - MAIN ENTRY--PERSONAL NAME
Personal name Govindaraj, C.
245 ## - TITLE STATEMENT
Title 3rd International Conference on Recent Advances and Innovations in Science, Engineering, Technology and Management/
Statement of responsibility, etc Edited By S. Nagarajan; C. Seelammal [and] Pandi Selvi
250 ## - EDITION STATEMENT
Edition statement 1
260 ## - PUBLICATION, DISTRIBUTION, ETC. (IMPRINT)
Place of publication, distribution, etc Tamil Nadu
Name of publisher, distributor, etc Shanlax Publications
270 ## - ADDRESS
Address 61,66 T.P.K. Main Road Vasantha Nagar.
City Tamil Nadu
Postal code 625003
Electronic mail address shanlaxpublications.com
300 ## - PHYSICAL DESCRIPTION
Extent 239p.
Dimensions 29cm(pb)
700 ## - ADDED ENTRY--PERSONAL NAME
Personal name Nagarajan, S.
Relator term Editor
9 (RLIN) 83561
700 ## - ADDED ENTRY--PERSONAL NAME
Personal name Seelammal, C.
Relator term Editor
9 (RLIN) 83562
700 ## - ADDED ENTRY--PERSONAL NAME
Personal name Selvi, Pandi
Relator term Editor
9 (RLIN) 83563
942 ## - ADDED ENTRY ELEMENTS (KOHA)
Source of classification or shelving scheme Dewey Decimal Classification
Item type English Books
Classification part 621.3
Call number suffix INT
Holdings
Withdrawn status Lost status Not for loan Collection code Home library Current library Date acquired Source of acquisition Cost, normal purchase price Full call number Barcode Copy number Cost, replacement price Koha item type
      Non-fiction Mobile Library Mobile Library 01/08/2025 Delivery of Books Act Division 450.00 621.3 INT EN-129808 1 450.00 English Books

© Delhi Public Library
Hit Counter
free hit counter